| 000 | 00747nam a2200241Ia 4500 | ||
|---|---|---|---|
| 008 | 160418s9999 xx 000 0 und d | ||
| 020 | _a971-23-3910-6 | ||
| 050 | _aFIL GV 1589 | ||
| 050 | _b.A53 2004 | ||
| 100 | _aAndin, Carmen Tabije - | ||
| 245 | _aDance education in the school curriculum / | ||
| 245 | _cCarmen Tabije - Andin. | ||
| 260 | _aManila : | ||
| 260 | _bRex Book Store, Inc., | ||
| 260 | _c2004 | ||
| 300 | _a103 pages : | ||
| 300 | _billustrations ; | ||
| 300 | _c22 cm. | ||
| 500 | _aIncludes bibliographical references and index. | ||
| 650 | _aDance -- Study and teaching (Higher) -- Philippines. | ||
| 650 | _aRhythm -- Study and teaching (Higher) | ||
| 650 | _xMovement education -- Phlippines -- Curricula. | ||
| 999 |
_c293360 _d293360 |
||